100 Most Popular Songs Ever - Statistics

General Stats
  • This quiz has been taken 166 times
  • The average score is 46 of 100
Answer Stats
Place Artist Percentage Answer % Correct
1 Queen 86.16 Bohemian Rhapsody
92%
5 Michael Jackson 78.42 Thriller
85%
2 Michael Jackson 81.83 Billie Jean
81%
3 Rick Astley 81.65 Never Gonna Give You Up
80%
8 A-Ha 76.77 Take On Me
77%
23 Toto 72.82 Africa
76%
18 ABBA 74.02 Dancing Queen
72%
6 Nirvana 77.30 Smells Like Teen Spirit
72%
7 Bee Gees 76.98 Stayin' Alive
69%
9 Michael Jackson 76.27 Beat It
64%
12 Survivor 75.53 Eye Of The Tiger
64%
31 Mark Ronson/Bruno Mars 70.66 Uptown Funk
64%
19 Village People 73.97 Y.M.C.A.
64%
26 Psy 72.07 Gangnam Style
63%
91 Pharrell Williams 63.77 Happy
63%
47 Michael Jackson 68.75 Bad
61%
37 The Weeknd 69.95 Blinding Lights
59%
82 Carly Rae Jepsen 64.59 Call Me Maybe
59%
54 Eagles 67.60 Hotel California
59%
30 Whitney Houston 71.13 I Will Always Love You
59%
55 Oasis 67.54 Wonderwall
59%
34 Outkast 70.29 Hey Ya!
58%
13 Bon Jovi 75.37 Livin' On A Prayer
58%
32 Smash Mouth 70.63 All Star
57%
74 Shakira 65.19 Hips Don't Lie
57%
73 Lady Gaga 65.60 Poker Face
56%
70 Britney Spears 66.03 Toxic
55%
10 Queen 75.80 We Are The Champions
55%
11 Journey 75.65 Don't Stop Believin'
54%
46 The Beatles 68.76 Hey Jude
54%
29 The White Stripes 71.37 Seven Nation Army
54%
50 Queen/David Bowie 68.16 Under Pressure
54%
76 Avicii/Aloe Blacc 64.98 Wake Me Up
54%
4 Queen 79.52 We Will Rock You
54%
72 Celine Dion 65.71 My Heart Will Go On
52%
22 Coldplay 72.97 Viva La Vida
52%
16 Eminem 74.99 Lose Yourself
51%
28 Louis Armstrong 71.91 What A Wonderful World
51%
27 AC/DC 71.99 Back In Black
50%
24 Guns N' Roses 72.65 Sweet Child O' Mine
50%
21 Europe 73.64 The Final Countdown
50%
79 Spice Girls 64.76 Wannabe
50%
99 Aqua 63.28 Barbie Girl
48%
53 The Police 67.63 Every Breath You Take
48%
100 Britney Spears 63.19 Oops! I did it again
48%
52 Adele 67.80 Rolling In The Deep
48%
25 Coolio/L.V. 72.42 Gangsta's Paradise
47%
43 Goyte 68.84 Somebody That I Used To Know
47%
35 Lynyrd Skynyrd 70.21 Sweet Home Alabama
47%
20 George Michael 73.66 Careless Whisper
46%
40 Backstreet Boys 69.28 I Want It That Way
46%
51 The Killers 68.04 Mr. Brightside
46%
58 Daft Punk/Pharrell Williams 67.02 Get Lucky
44%
41 Linkin Park 68.96 In The End
44%
36 Los Del Rio 70.20 Macarena
43%
17 Queen 74.92 Don't Stop Me Now
42%
89 Rihanna/Jay-Z 63.94 Umbrella
42%
48 AC/DC 68.68 Highway To Hell
40%
85 50 Cent 64.43 In Da Club
40%
86 ABBA 64.32 Mamma Mia
40%
64 Led Zeppelin 66.48 Stairway To Heaven
40%
68 Linkin Park 66.30 Numb
39%
59 Shakira 66.95 Waka Waka (This Time For Africa)
39%
38 Britney Spears 69.72 Baby One More Time
38%
75 Lady Gaga 65.11 Bad Romance
38%
67 Gloria Gaynor 66.37 I Will Survive
37%
15 Michael Jackson 75.23 Smooth Criminal
37%
45 Aerosmith 68.80 Dream On
36%
81 Pink Floyd 64.62 Another Brick In The Wall Part 2
35%
88 Wiz Khalifa/Charlie Puth 64.09 See You Again
35%
39 AC/DC 69.57 Thunderstruck
34%
84 Green Day 64.49 Boulevard Of Broken Dreams
33%
77 Tears For Fears 64.97 Everybody Wants To Rule The World
33%
63 Black Eyed Peas 66.62 I Gotta Feeling
33%
33 Eurythmics 70.55 Sweet Dreams Are Made Of This
33%
71 Guns N' Roses 65.93 Welcome To The Jungle
33%
98 Cyndi Lauper 63.38 Girls Just Want To Have Fun
32%
44 Eminem 68.81 The Real Slim Shady
32%
56 MC Hammer 67.45 U Can't Touch This
32%
62 Neil Diamond 66.63 Sweet Caroline
31%
14 Queen 75.36 Another One Bites The Dust
30%
80 Beyonce/Jay-Z 64.74 Crazy In Love
30%
69 Eminem 66.28 Without Me
30%
78 The Beatles 64.81 Let It Be
29%
87 The Animals 64.15 House Of The Rising Sun
28%
42 Elton John 68.88 I'm Still Standing
28%
61 Whitney Houston 66.76 I Wanna Dance With Somebody
28%
97 Queen 63.44 I Want To Break Free
28%
90 Elvis Presley 63.83 Jailhouse Rock
28%
65 Wham! 66.42 Wake Me Up Before You Go-Go
28%
93 Eiffel 65 63.70 Blue
26%
92 Boney M. 63. 73 Rasputin
26%
83 Ray Parker Jr. 64.57 Ghostbusters
24%
95 The Jackson 5 63.53 I Want You Back
24%
49 Dr. Dre/Snoop Dogg 68.36 Still D.R.E.
24%
94 Haddaway 63.69 What Is Love
24%
66 John Denver 66.42 Take Me Home, Country Roads
23%
57 The Beatles 67.07 Here Comes The Sun
21%
60 ABBA 66.79 Gimme! Gimme! Gimme! A Man After Midnight
18%
96 Dr. Dre/Snoop Dogg 63.50 The Next Episode
17%
No matching quizzes found
Score Distribution
Percent of People with Each Score
Percentile by Number Answered
Your Score History
You have not taken this quiz